| 000 | 00342cam a22001331 4500 | ||
|---|---|---|---|
| 082 |
_a923.1561 _bARM _cD |
||
| 100 | 1 |
_aArmstrong, H. C. _925509 |
|
| 245 | 1 | 0 | _aGrey wolf, Mustafa Kemal. |
| 260 |
_aLondon, _bA. Barker, ltd. _c[1932] |
||
| 300 | _a352 p. | ||
| 526 |
_a0 _b0 _c0 _d923_156100000000000_ARM |
||
| 650 |
_aMCE _9379 |
||
| 942 |
_2ddc _cBK |
||
| 999 |
_c553258 _d553258 |
||